000 00398nam a22001697a 4500
003 OSt
020 _a0314051090
040 _c0
082 _222
_a640.721
100 _aCouch, Sur ...[et al.].
245 _aSkills for life /
260 _bWest Publishing Company,
_cc1997.
300 _axxxii, 576p. ;
_bill. ;
700 _aFelstehausen, Ginny.
700 _aHallman, Patsy.
942 _2ddc
_cMAG
999 _c5340
_d5340